[Event "Bad Pyrmont Pape op-A 2nd"]
[Site "Bad Pyrmont"]
[Date "2023.08.13"]
[Round "6"]
[White "Bauer, Timon"]
[Black "Biebinger, Gerhard"]
[Result "1/2-1/2"]
[WhiteElo "1904"]
[BlackElo "2230"]
[PlyCount "126"]
[EventDate "2023.08.10"]
[EventType "swiss"]
[EventRounds "7"]
[EventCountry "GER"]
[SourceTitle "EXT 2024"]
[Source "ChessBase"]
[SourceDate "2023.10.10"]
[SourceVersion "1"]
[SourceVersionDate "2023.10.10"]
[SourceQuality "1"]

1. d4 Nf6 2. Nc3 d5 3. Bf4 Bf5 4. e3 e6 5. Bd3 Bg6 6. h4 Bd6 7. Bxd6 Qxd6 8. h5 Bxd3 9. cxd3 h6 10. Nf3 Nbd7 11. Qb3 Qb6 12. Qa3 a5 13. Ne5 c6 14. Na4 Qb4+ 15. Ke2 0-0 16. f3 Nxe5 17. dxe5 Nd7 18. d4 b5 19. Nc5 Nxc5 20. dxc5 Qc4+ 21. Kd2 b4 22. Qa4 d4 23. Qxc6 dxe3+ 24. Kxe3 Rac8 25. Qe4 Qxc5+ 26. Kf4 Qf2 27. Raf1 Qxg2 28. Rfg1 Qd2+ 29. Kg3 Rc2 30. Kh3 f5 31. Qb7 Rf7 32. Qa8+ Kh7 33. Qe8 Qd7 34. Qxd7 Rxd7 35. Rg6 Re7 36. Rh2 Rxh2+ 37. Kxh2 Kg8 38. Kg3 Kf7 39. Kf4 Rc7 40. Rg2 Rc4+ 41. Kg3 a4 42. Rd2 Ke7 43. b3 axb3 44. axb3 Rc3 45. Rd6 Rxb3 46. Rb6 Rb1 47. Kg2 b3 48. Kg3 b2 49. Kf4 Kd7 50. Rb5 Kc6 51. Rb8 Kd5 52. Rd8+ Kc4 53. Rc8+ Kd3 54. Rb8 Ke2 55. Rb6 Kf2 56. Rb7 Kf1 57. Kg3 Kg1 58. Rb4 Kf1 59. Rb7 Re1 60. Rxb2 Rxe5 61. Rb7 Re2 62. Rb1+ Re1 63. Rb7 Ke2 1/2-1/2

[Event "GER-ch Seniors 50 32nd"]
[Site "Magdeburg"]
[Date "2020.08.17"]
[Round "4"]
[White "Biebinger, Gerhard"]
[Black "Loew, Gerald"]
[Result "0-1"]
[WhiteElo "2226"]
[BlackElo "2152"]
[PlyCount "91"]
[EventDate "2020.08.14"]
[EventType "swiss"]
[EventRounds "9"]
[EventCountry "GER"]
[SourceTitle "EXT 2021"]
[Source "ChessBase"]
[SourceDate "2020.10.23"]
[SourceVersion "1"]
[SourceVersionDate "2020.10.23"]
[SourceQuality "1"]

1. d4 d6 2. Nf3 Nf6 3. c4 Nbd7 4. Nc3 e5 5. e4 Be7 6. Be2 0-0 7. 0-0 c6 8. Be3 a6 9. d5 cxd5 10. cxd5 Ng4 11. Bd2 b5 12. Ne1 Ngf6 13. Nc2 Nb6 14. f3 Bd7 15. Be3 Qb8 16. Qd2 Rc8 17. Rfc1 Nc4 18. Bxc4 Rxc4 19. b3 Rc8 20. a4 bxa4 21. bxa4 Qb3 22. Ra3 Qc4 23. Ne2 a5 24. Raa1 Rab8 25. Ne1 Qa6 26. Rxc8+ Rxc8 27. Nc3 Qc4 28. Nb5 Bxb5 29. axb5 Qxb5 30. Qxa5 Qe2 31. Qd2 Qxd2 32. Bxd2 Kf8 33. Kf2 Nd7 34. Be3 Bd8 35. Ra6 Ke7 36. Ke2 Rb8 37. Nd3 Rb1 38. Bd2 Bb6 39. Be3 Bxe3 40. Kxe3 h5 41. g3 g6 42. Ra7 Ke8 43. Ra8+ Ke7 44. Ra7 Ke8 45. Ra8+ Ke7 46. Ra7 0-1

[Event "Erfurt op 28th"]
[Site "Erfurt"]
[Date "2018.12.29"]
[Round "6"]
[White "Biebinger, Gerhard"]
[Black "Kucera, Tomas"]
[Result "1-0"]
[WhiteElo "2263"]
[BlackElo "1956"]
[PlyCount "83"]
[EventDate "2018.12.26"]
[EventType "swiss"]
[EventRounds "8"]
[EventCountry "GER"]
[SourceTitle "CBM 188 Extra"]
[Source "ChessBase"]
[SourceDate "2019.02.28"]
[SourceVersion "1"]
[SourceVersionDate "2019.02.28"]
[SourceQuality "1"]

1. d4 Nf6 2. c4 g6 3. Nc3 Bg7 4. Bf4 0-0 5. e3 d6 6. Nf3 Nbd7 7. h3 c6 8. Be2 h6 9. 0-0 Qe8 10. Bh2 Qd8 11. b4 a6 12. c5 d5 13. a4 Ne4 14. Nxe4 dxe4 15. Nd2 f5 16. Qb3+ Kh8 17. Nc4 Qe8 18. Rad1 g5 19. Qc2 Qg6 20. f3 exf3 21. Rxf3 Qe6 22. Kh1 a5 23. b5 Qg8 24. Rxf5 Rxf5 25. Qxf5 Nf6 26. Qb1 Nd5 27. Rc1 Bf6 28. Qe4 Be6 29. Bg4 Bf7 30. Ne5 Be8 31. Be6 Qh7 32. Bxd5 cxd5 33. Qxd5 Bg6 34. Nxg6+ Qxg6 35. Qxb7 Rg8 36. Qf3 h5 37. g4 hxg4 38. hxg4 Kg7 39. c6 Rh8 40. Rf1 Qh7 41. Rf2 Qb1+ 42. Kg2 1-0

[Event "Rheinland Pfalz op Seniors 16th"]
[Site "Neustadt an der Weinstrasse"]
[Date "2018.07.12"]
[Round "6"]
[White "Bellingrath, Jens"]
[Black "Biebinger, Gerhard"]
[Result "0-1"]
[WhiteElo "2070"]
[BlackElo "2263"]
[PlyCount "136"]
[EventDate "2018.07.07"]
[EventType "swiss"]
[EventRounds "9"]
[EventCountry "GER"]
[SourceTitle "EXT 2019"]
[Source "ChessBase"]
[SourceDate "2018.10.10"]
[SourceVersion "1"]
[SourceVersionDate "2018.10.10"]
[SourceQuality "1"]

1. e4 c5 2. Nf3 Nc6 3. d4 cxd4 4. Nxd4 g6 5. c4 Bg7 6. Be3 Nf6 7. Nc3 d6 8. Be2 0-0 9. 0-0 Nxd4 10. Bxd4 Bd7 11. Qd2 Bc6 12. Bd3 Nd7 13. Bxg7 Kxg7 14. Rae1 f6 15. Re3 Ne5 16. Rh3 Nf7 17. Re1 a5 18. Nd5 a4 19. Kh1 e6 20. Nc3 Qa5 21. Bf1 Rfd8 22. Rd1 Qc5 23. a3 Rd7 24. Rc1 Qa5 25. Qc2 b6 26. Ne2 Rc7 27. Nd4 Bd7 28. Rc3 Qe5 29. Nf3 Qc5 30. Qe2 Bc6 31. Ne1 Re7 32. f3 Qa5 33. Nc2 Qe5 34. Nb4 Bb7 35. Qf2 Qc5 36. Nd3 Qxf2 37. Nxf2 Rc7 38. Kg1 Kf8 39. Nd1 Ne5 40. Ne3 Rac8 41. Kf2 Ke7 42. Be2 Nd7 43. Bd1 Nc5 44. Ke1 Bc6 45. Kf2 Rb8 46. Be2 Rcb7 47. Nc2 Rc8 48. Nb4 h6 49. Ke3 Be8 50. R1c2 g5 51. Rc1 Rbc7 52. h4 Bg6 53. hxg5 hxg5 54. Rh1 Kf8 55. Rcc1 Rh7 56. Rxh7 Bxh7 57. Rd1 Ke7 58. Rh1 Bg6 59. Bd1 f5 60. exf5 Bxf5 61. Be2 Kf6 62. Na2 d5 63. cxd5 exd5 64. Nc3 Ke5 65. Nb5 Nb3 66. Rh5 d4+ 67. Kf2 Rc2 68. Rxg5 Kf6 0-1

[Event "Wuertemberg-ch Seniors 27th"]
[Site "Freudenstadt"]
[Date "2015.07.04"]
[Round "2"]
[White "Biebinger, Gerhard"]
[Black "Schmieder, Siegfried"]
[Result "1/2-1/2"]
[WhiteElo "2294"]
[BlackElo "2031"]
[PlyCount "88"]
[EventDate "2015.07.03"]
[EventType "swiss"]
[EventRounds "9"]
[EventCountry "GER"]
[SourceTitle "EXT 2016"]
[Source "ChessBase"]
[SourceDate "2015.10.08"]
[SourceVersion "1"]
[SourceVersionDate "2015.10.08"]
[SourceQuality "1"]

1. c4 e5 2. g3 Bc5 3. Nc3 d6 4. Bg2 Nc6 5. Nf3 f5 6. d3 Nf6 7. Bg5 h6 8. Bxf6 Qxf6 9. 0-0 0-0 10. a3 a5 11. Rb1 Qf7 12. Nd5 Nd8 13. b4 Ba7 14. b5 c6 15. bxc6 bxc6 16. Nb6 Rb8 17. Nxc8 Rxc8 18. e3 g5 19. Qe1 Qc7 20. Qc3 Ne6 21. Rbd1 h5 22. c5 Bxc5 23. d4 Ba7 24. dxe5 d5 25. h4 g4 26. Nd4 Qxe5 27. Qxa5 Nxd4 28. exd4 Bxd4 29. Rfe1 Qf6 30. Bxd5+ Kh8 31. Bg2 c5 32. Rxd4 cxd4 33. Bd5 Rcd8 34. Re6 Qg7 35. Qb6 Rxd5 36. Rh6+ Kg8 37. Rg6 Rdd8 38. Qe6+ Kh8 39. Rh6+ Qxh6 40. Qxh6+ Kg8 41. Qg6+ Kh8 42. Qxh5+ Kg7 43. Qg5+ Kh7 44. Qh5+ Kg7 1/2-1/2

[Event "GER-chT Seniors 21st"]
[Site "Berlin"]
[Date "2012.09.14"]
[Round "5.4"]
[White "Boehm, Erwin"]
[Black "Biebinger, Gerhard"]
[Result "1/2-1/2"]
[WhiteElo "2078"]
[BlackElo "2211"]
[PlyCount "81"]
[EventDate "2012.09.10"]
[EventType "team-swiss"]
[EventRounds "7"]
[EventCountry "GER"]
[SourceTitle "CBM 150 Extra"]
[Source "ChessBase"]
[SourceDate "2012.10.19"]
[SourceVersion "1"]
[SourceVersionDate "2012.10.19"]
[SourceQuality "1"]
[WhiteTeam "Sachsen Seniors"]
[BlackTeam "Baden Seniors"]
[WhiteTeamCountry "GER"]
[BlackTeamCountry "GER"]

1. e4 e6 2. d4 d5 3. Nd2 dxe4 4. Nxe4 Bd7 5. Bd3 Bc6 6. Nf3 Nd7 7. 0-0 Ngf6 8. Qe2 Be7 9. Rd1 Nxe4 10. Bxe4 Bxe4 11. Qxe4 c6 12. Qe2 0-0 13. Bf4 Qa5 14. c3 Rad8 15. a4 Qf5 16. Bg3 Rfe8 17. Qc4 Qa5 18. Qb3 b6 19. Qc4 Qd5 20. Qa6 Nc5 21. Qxa7 Nb3 22. Rab1 b5 23. axb5 cxb5 24. Qc7 Bf6 25. Ne5 Re7 26. Qc6 Bxe5 27. Qxd5 Rxd5 28. Bxe5 Red7 29. Re1 f6 30. Bf4 Kf7 31. Re2 g5 32. Be3 h5 33. Rbe1 R7d6 34. h4 gxh4 35. Kh2 Rc6 36. Kh3 b4 37. Rc2 Nxd4 38. Rd2 Nf5 39. Rxd5 exd5 40. cxb4 d4 41. Rc1 1/2-1/2

[Event "GER-ch Seniors 23rd"]
[Site "Halle"]
[Date "2011.08.12"]
[Round "8"]
[White "Thormann, Wolfgang"]
[Black "Biebinger, Gerhard"]
[Result "1/2-1/2"]
[WhiteElo "2251"]
[BlackElo "2281"]
[PlyCount "64"]
[EventDate "2011.08.05"]
[EventType "swiss"]
[EventRounds "9"]
[EventCountry "GER"]
[SourceTitle "CBM 144 Extra"]
[Source "ChessBase"]
[SourceDate "2011.10.28"]
[SourceVersion "1"]
[SourceVersionDate "2011.10.28"]
[SourceQuality "1"]

1. b3 Nf6 2. Bb2 g6 3. e3 Bg7 4. f4 0-0 5. Nf3 c5 6. Be2 b6 7. 0-0 Bb7 8. Qe1 d6 9. d3 Nbd7 10. h3 Nd5 11. Bxg7 Kxg7 12. Qd2 e5 13. Nc3 Nxc3 14. Qxc3 f6 15. fxe5 dxe5 16. Nd2 e4 17. dxe4 Qe7 18. Bd3 Qe5 19. Qxe5 Nxe5 20. Nf3 Rae8 21. Rad1 Bc6 22. Rd2 Re7 23. Rfd1 Rd8 24. Nxe5 Rxe5 25. Bc4 Rxd2 26. Rxd2 Rxe4 27. Rd6 Be8 28. Kf2 Re7 29. Rd8 Bc6 30. Rd6 Be8 31. Rd8 Bc6 32. Rd6 Be8 1/2-1/2

[Event "GER-ch Seniors 23rd"]
[Site "Halle"]
[Date "2011.08.11"]
[Round "7"]
[White "Biebinger, Gerhard"]
[Black "Grottke, Hans Joachim"]
[Result "1-0"]
[WhiteElo "2281"]
[BlackElo "2230"]
[PlyCount "31"]
[EventDate "2011.08.05"]
[EventType "swiss"]
[EventRounds "9"]
[EventCountry "GER"]
[SourceTitle "CBM 144 Extra"]
[Source "ChessBase"]
[SourceDate "2011.10.28"]
[SourceVersion "1"]
[SourceVersionDate "2011.10.28"]
[SourceQuality "1"]

1. c4 e5 2. g3 Nf6 3. Bg2 d5 4. cxd5 Nxd5 5. Nc3 Nb6 6. Nf3 Nc6 7. 0-0 Be7 8. d3 0-0 9. a3 a5 10. Be3 Be6 11. Na4 Nd7 12. Rc1 Bd5 13. Nc3 Be6 14. Na4 Bd5 15. Qc2 f5 16. Nd4 1-0

[Event "GER-ch Seniors 23rd"]
[Site "Halle"]
[Date "2011.08.07"]
[Round "3"]
[White "Biebinger, Gerhard"]
[Black "Shapiro, Yosip"]
[Result "0-1"]
[WhiteElo "2281"]
[BlackElo "2151"]
[PlyCount "114"]
[EventDate "2011.08.05"]
[EventType "swiss"]
[EventRounds "9"]
[EventCountry "GER"]
[SourceTitle "CBM 144 Extra"]
[Source "ChessBase"]
[SourceDate "2011.10.28"]
[SourceVersion "1"]
[SourceVersionDate "2011.10.28"]
[SourceQuality "1"]

1. c4 c5 2. g3 Nc6 3. Bg2 g6 4. Nc3 Bg7 5. e3 d6 6. Nge2 e5 7. 0-0 Nge7 8. d3 0-0 9. a3 Rb8 10. Rb1 a5 11. Bd2 Be6 12. Qa4 Bf5 13. Ne4 Qd7 14. N2c3 Rfd8 15. Rfd1 h6 16. Nb5 Nc8 17. b4 axb4 18. axb4 b6 19. bxc5 dxc5 20. Be1 Bg4 21. f3 Be6 22. Nf2 N8e7 23. Qc2 Nf5 24. Qe2 Kh7 25. Ne4 Qe7 26. Nec3 h5 27. e4 Nfd4 28. Nxd4 Nxd4 29. Qf2 Rd6 30. Bd2 Rbd8 31. Be3 Bh6 32. Rd2 Qf8 33. Nd5 Bxd5 34. cxd5 b5 35. Bxd4 exd4 36. f4 b4 37. e5 Ra6 38. d6 Ra3 39. Be4 Kg8 40. Rc2 Rc3 41. Rxc3 bxc3 42. Qa2 Kg7 43. Qa7 Rc8 44. h4 Kh8 45. Kf2 Bg7 46. Ke2 f6 47. Rb7 fxe5 48. Rf7 Qg8 49. Bxg6 exf4 50. Kf3 c2 51. Qa3 Qe8 52. d7 Qe3+ 53. Kg2 Qxg3+ 54. Kf1 Rb8 55. Qc1 Qf3+ 56. Ke1 Qe3+ 57. Qxe3 fxe3 0-1

[Event "GER-ch Seniors 23rd"]
[Site "Halle"]
[Date "2011.08.05"]
[Round "1"]
[White "Biebinger, Gerhard"]
[Black "Perk, Egbert"]
[Result "1-0"]
[WhiteElo "2281"]
[BlackElo "1983"]
[PlyCount "80"]
[EventDate "2011.08.05"]
[EventType "swiss"]
[EventRounds "9"]
[EventCountry "GER"]
[SourceTitle "CBM 144 Extra"]
[Source "ChessBase"]
[SourceDate "2011.10.28"]
[SourceVersion "1"]
[SourceVersionDate "2011.10.28"]
[SourceQuality "1"]

1. c4 Nf6 2. g3 g6 3. Bg2 Bg7 4. Nc3 c6 5. e4 d6 6. d4 Qc7 7. Nge2 e5 8. 0-0 0-0 9. h3 a5 10. Be3 Na6 11. Rc1 Re8 12. d5 Bd7 13. g4 h6 14. Ng3 Kh7 15. b3 Rad8 16. a3 Bc8 17. Qc2 Rh8 18. Qb1 c5 19. Qd3 Kg8 20. Qd2 b6 21. f3 Qe7 22. Nb5 Rd7 23. Ne2 Ne8 24. Nec3 Rb7 25. Kf2 Nec7 26. Ke2 Nxb5 27. cxb5 Nc7 28. Kd3 Bd7 29. a4 Ne8 30. Rh1 Qh4 31. Rcg1 Bf6 32. Bf2 Qg5 33. Qe1 h5 34. h4 Qh6 35. g5 Bxg5 36. hxg5 Qxg5 37. Be3 Qe7 38. Nd1 Kh7 39. Nb2 Rg8 40. Bg5 Qf8 1-0